banner koha

Phenology, production and quality of blueberry produced in humid subtropical climate (Registro n. 338894)

MARC details
000 -LÍDER
fixed length control field 03919nab a2200325 i 4500
003 - CÓDIGO MARC DA AGÊNCIA CATALOGADORA
Campo de controle BR-BrBNA
005 - DATA E HORA DA ÚLTIMA ATUALIZAÇÃO
Campo de controle 20251031101159.0
008 - CAMPO DE TAMANHO FIXO
fixed length control field 251031b2018 bl.|r|pooa||| 00| 0 eng |
040 ## - FONTE DA CATALOGAÇÃO
Agência catalogadora BR-BrBNA
Idioma da catalogação eng
072 ## - CATEGORIA AGRIS
Código AGRIS F30
Código do objeto 0920
072 ## - CATEGORIA AGRIS
Código AGRIS F40
100 ## - ENTRADA PRINCIPAL - NOME PESSOAL
Nome pessoal Medeiros, José Gilberto Sousa
100 ## - ENTRADA PRINCIPAL - NOME PESSOAL
Nome pessoal Biasi, Luiz Antonio
100 ## - ENTRADA PRINCIPAL - NOME PESSOAL
Nome pessoal Bona, Claudine Maria de
100 ## - ENTRADA PRINCIPAL - NOME PESSOAL
Nome pessoal Cuquel, Francine Lorena
245 ## - TÍTULO PRINCIPAL
Título principal Phenology, production and quality of blueberry produced in humid subtropical climate
500 ## - NOTA GERAL
Nota geral Publicação online; 20 ref.; 5 tables; Summaries (En, Pt)
942 ## - ADDED ENTRY ELEMENTS (KOHA)
Koha item type Analítica
520 ## - NOTA DE RESUMO
Nota de conteúdo <br/><br/><br/>Abstract - Studies on adaptation to the cultivation site are necessary for the recommendation of new cultivars. The aim of this study was to evaluate the phenological development, productivity and fruit quality of eight blueberry cultivars from the rabbiteye group (Aliceblue, Bluebelle, Bluegem, Briteblue, Climax, Delite, Powderblue and Woodard) and two from the highbush group (Georgiagem and O’Neal) under humid subtropical conditions in the 2012/2013, 2013/2014 and 2014/2015 cycles. Beginning and end of flowering, beginning and end of harvesting, fruit set, production, mass, diameter, pH, content of soluble solids, titratable acidity, ratio and coloring were evaluated. The evaluated cultivars presented flowering in the period from July to September, concentrating harvest in the months of November and December. The highest fruit set was observed in Delite, Climax, Briteblue and Powderblue cultivars. There were differences among cultivars regarding fruit mass, size, pH, content of soluble solids and acidity. The results showed that the cultivars exhibited blue color with few variations over the evaluation years. Cultivars with the best productive performance under humid subtropical climate conditions are Bluegem, Delite, Climax and Powderblue.<br/><br/><br/><br/>Index terms: Vaccinium sp., small fruits, fruit set.
520 ## - NOTA DE RESUMO
Nota de conteúdo <br/><br/><br/>Resumo - Para a recomendação de novas cultivares, são necessários estudos quanto à adaptação no local de cultivo. Logo, objetivou-se avaliar o desenvolvimento fenológico, a produtividade e a qualidade de frutos de oito cultivares de mirtileiro do grupo rabbiteye (Aliceblue, Bluebelle, Bluegem, Briteblue, Climax, Delite, Powderblue e Woodard) e duas do grupo highbush (Georgiagem e O’Neal) em condições de clima subtropical úmido, nos ciclos de 2012/2013, 2013/2014 e 2014/2015. Foram avaliadas as datas do início e do final de floração, início e final de colheita, frutificação efetiva, produção, massa, diâmetro, pH, teor de sólidos solúveis, acidez titulável, ratio e coloração. As cultivares avaliadas apresentaram floração no período de julho a setembro, concentrando a colheita nos meses de novembro e dezembro. As maiores frutificações efetivas foram observadas nas cultivares Delite, Climax, Briteblue e Powderblue. Houve diferenças entre as cultivares quanto à massa do fruto, tamanho, pH, teor de sólidos solúveis e acidez. Os resultados demonstraram que as cultivares exibiram coloração azul, com poucas variações ao longo dos anos de avaliação. As cultivares com melhor desempenho produtivo, em condições de clima subtropical úmido, são Bluegem, Delite, Climax e Powderblue. <br/><br/><br/><br/>Termos para indexação: Vaccinium sp., pequenas frutas, frutificação efetiva
650 ## - ASSUNTO - THESAGRO
Cabeçalho tópico ou nome geográfico MIRTILO
650 ## - ASSUNTO - THESAGRO
Cabeçalho tópico ou nome geográfico COMPORTAMENTO DE VARIEDADE
650 ## - ASSUNTO - THESAGRO
Cabeçalho tópico ou nome geográfico CONDIÇÃO AMBIENTAL
650 ## - ASSUNTO - THESAGRO
Cabeçalho tópico ou nome geográfico FENOLOGIA
650 ## - ASSUNTO - THESAGRO
Cabeçalho tópico ou nome geográfico FRUTIFICAÇÃO
650 ## - ASSUNTO - THESAGRO
Cabeçalho tópico ou nome geográfico PRODUTIVIDADE
773 0# - ENTRADA ANALÍTICA
Host Biblionumber 805
Registro do item 317034
Imprenta Jaboticabal-SP Sociedade Brasileira de Fruticultura 1978
Outro identificador 2024-3596
Título Revista Brasileira de Fruticultura (Brazil)
ISSN 0100-2945
Colação v. 40(3) p. 1-10; (2018)
Número de controle de registro BR2025004326
856 ## - ACESSO E ENDEREÇO ELETRÔNICO
Identificador uniforme de recurso - URI https://www.scielo.br/j/rbf/a/B4wvqmqZsXB9pVfWByCt9zj/?format=pdf&lang=en

Nenhum exemplar disponível.

BINAGRI

Telefone: (61)3218-2567/2388/3357/2097 - binagri@agro.gov.br

Ministério da Agricultura e Pecuária , Esplanada dos Ministérios, Bloco D, Anexo B, Brasília/DF, CEP: 70.043-900